<?xml version="1.0" encoding="UTF-8"?>
<record
    xmlns:xsi="http://www.w3.org/2001/XMLSchema-instance"
    xsi:schemaLocation="http://www.loc.gov/MARC21/slim http://www.loc.gov/standards/marcxml/schema/MARC21slim.xsd"
    xmlns="http://www.loc.gov/MARC21/slim">

  <leader>00597nam a2200193Ia 4500</leader>
  <datafield tag="952" ind1=" " ind2=" ">
    <subfield code="0">0</subfield>
    <subfield code="1">0</subfield>
    <subfield code="2">ddc</subfield>
    <subfield code="4">0</subfield>
    <subfield code="7">0</subfield>
    <subfield code="8">PRODUCTION</subfield>
    <subfield code="a">MES</subfield>
    <subfield code="b">MES</subfield>
    <subfield code="c">ECO </subfield>
    <subfield code="d">2019-02-20</subfield>
    <subfield code="g">105.00</subfield>
    <subfield code="l">0</subfield>
    <subfield code="o">338.5024658 VAR/M</subfield>
    <subfield code="p">25827</subfield>
    <subfield code="r">2019-02-20 00:00:00</subfield>
    <subfield code="t">6</subfield>
    <subfield code="w">2019-02-20</subfield>
    <subfield code="y">BK</subfield>
    <subfield code="z">GL8R1</subfield>
  </datafield>
  <datafield tag="952" ind1=" " ind2=" ">
    <subfield code="0">0</subfield>
    <subfield code="1">0</subfield>
    <subfield code="2">ddc</subfield>
    <subfield code="4">0</subfield>
    <subfield code="7">0</subfield>
    <subfield code="8">PRODUCTION</subfield>
    <subfield code="a">MES</subfield>
    <subfield code="b">MES</subfield>
    <subfield code="c">ECO </subfield>
    <subfield code="d">2019-02-20</subfield>
    <subfield code="g">105.00</subfield>
    <subfield code="l">0</subfield>
    <subfield code="o">338.5024658 VAR/M</subfield>
    <subfield code="p">32484</subfield>
    <subfield code="r">2019-02-20 00:00:00</subfield>
    <subfield code="t">1</subfield>
    <subfield code="w">2019-02-20</subfield>
    <subfield code="y">BK</subfield>
    <subfield code="z">GL8R1</subfield>
  </datafield>
  <datafield tag="952" ind1=" " ind2=" ">
    <subfield code="0">0</subfield>
    <subfield code="1">0</subfield>
    <subfield code="2">ddc</subfield>
    <subfield code="4">0</subfield>
    <subfield code="7">0</subfield>
    <subfield code="8">PRODUCTION</subfield>
    <subfield code="a">MES</subfield>
    <subfield code="b">MES</subfield>
    <subfield code="c">ECO </subfield>
    <subfield code="d">2019-02-20</subfield>
    <subfield code="g">165.00</subfield>
    <subfield code="l">0</subfield>
    <subfield code="o">338.5024658 VAR/M</subfield>
    <subfield code="p">28071</subfield>
    <subfield code="r">2019-02-20 00:00:00</subfield>
    <subfield code="t">2</subfield>
    <subfield code="w">2019-02-20</subfield>
    <subfield code="y">BK</subfield>
    <subfield code="z">GL8R1</subfield>
  </datafield>
  <datafield tag="952" ind1=" " ind2=" ">
    <subfield code="0">0</subfield>
    <subfield code="1">0</subfield>
    <subfield code="2">ddc</subfield>
    <subfield code="4">0</subfield>
    <subfield code="7">0</subfield>
    <subfield code="8">PRODUCTION</subfield>
    <subfield code="a">MES</subfield>
    <subfield code="b">MES</subfield>
    <subfield code="c">ECO </subfield>
    <subfield code="d">2019-02-20</subfield>
    <subfield code="g">165.00</subfield>
    <subfield code="l">0</subfield>
    <subfield code="o">338.5024658 VAR/M</subfield>
    <subfield code="p">28072</subfield>
    <subfield code="r">2019-02-20 00:00:00</subfield>
    <subfield code="t">3</subfield>
    <subfield code="w">2019-02-20</subfield>
    <subfield code="y">BK</subfield>
    <subfield code="z">GL8R1</subfield>
  </datafield>
  <datafield tag="952" ind1=" " ind2=" ">
    <subfield code="0">0</subfield>
    <subfield code="1">0</subfield>
    <subfield code="2">ddc</subfield>
    <subfield code="4">0</subfield>
    <subfield code="7">0</subfield>
    <subfield code="8">PRODUCTION</subfield>
    <subfield code="a">MES</subfield>
    <subfield code="b">MES</subfield>
    <subfield code="c">ECO </subfield>
    <subfield code="d">2019-02-20</subfield>
    <subfield code="g">240.00</subfield>
    <subfield code="l">0</subfield>
    <subfield code="o">338.5024658 VAR/M</subfield>
    <subfield code="p">31065</subfield>
    <subfield code="r">2019-02-20 00:00:00</subfield>
    <subfield code="t">4</subfield>
    <subfield code="w">2019-02-20</subfield>
    <subfield code="y">BK</subfield>
    <subfield code="z">GL8R1</subfield>
  </datafield>
  <datafield tag="952" ind1=" " ind2=" ">
    <subfield code="0">0</subfield>
    <subfield code="1">0</subfield>
    <subfield code="2">ddc</subfield>
    <subfield code="4">0</subfield>
    <subfield code="7">0</subfield>
    <subfield code="8">PRODUCTION</subfield>
    <subfield code="a">MES</subfield>
    <subfield code="b">MES</subfield>
    <subfield code="c">ECO </subfield>
    <subfield code="d">2019-02-20</subfield>
    <subfield code="g">240.00</subfield>
    <subfield code="l">0</subfield>
    <subfield code="o">338.5024658 VAR/M</subfield>
    <subfield code="p">31066</subfield>
    <subfield code="r">2019-02-20 00:00:00</subfield>
    <subfield code="t">5</subfield>
    <subfield code="w">2019-02-20</subfield>
    <subfield code="y">BK</subfield>
    <subfield code="z">GL8R1</subfield>
  </datafield>
  <datafield tag="999" ind1=" " ind2=" ">
    <subfield code="c">7201</subfield>
    <subfield code="d">7201</subfield>
  </datafield>
  <controlfield tag="003">OSt</controlfield>
  <controlfield tag="005">20191223125233.0</controlfield>
  <controlfield tag="008">190216s9999||||xx |||||||||||||| ||und||</controlfield>
  <datafield tag="020" ind1=" " ind2=" ">
    <subfield code="a">9788180543838</subfield>
  </datafield>
  <datafield tag="040" ind1=" " ind2=" ">
    <subfield code="c">oclc</subfield>
  </datafield>
  <datafield tag="082" ind1=" " ind2=" ">
    <subfield code="a">338.5024658</subfield>
    <subfield code="b">VAR/M</subfield>
  </datafield>
  <datafield tag="100" ind1=" " ind2=" ">
    <subfield code="a">Varshney,  R L </subfield>
    <subfield code="9">633</subfield>
  </datafield>
  <datafield tag="245" ind1=" " ind2="0">
    <subfield code="a">Managerial Economics Text, Problem &amp; Cases /</subfield>
    <subfield code="c"> R L Varshney ; K L Maheshwari</subfield>
  </datafield>
  <datafield tag="250" ind1=" " ind2=" ">
    <subfield code="a">19th ed.</subfield>
  </datafield>
  <datafield tag="260" ind1=" " ind2=" ">
    <subfield code="b">Sulthan  Chand&amp;Sons,</subfield>
    <subfield code="c">2005.</subfield>
    <subfield code="a">New Delhi:</subfield>
  </datafield>
  <datafield tag="300" ind1=" " ind2=" ">
    <subfield code="a">595p</subfield>
  </datafield>
  <datafield tag="700" ind1=" " ind2=" ">
    <subfield code="9">683</subfield>
    <subfield code="a">Maheshwari K L </subfield>
  </datafield>
  <datafield tag="942" ind1=" " ind2=" ">
    <subfield code="c">BK</subfield>
    <subfield code="2">ddc</subfield>
    <subfield code="h">338.5024658</subfield>
    <subfield code="i">VAR/M</subfield>
    <subfield code="k">338.5024658</subfield>
    <subfield code="m">VAR/M</subfield>
  </datafield>
</record>
